000 00552nam a2200181Ia 4500
008 180921t2004 xxu||||| |||| 00| 0 sin d
041 _asin
080 _a65
_bRAM
100 _aSaheed, Ranjan
245 _aවෙළඳ කළමනාකරණය 2 :වෙළඳ සැලැස්ම හා පරිපාලනය
246 _aSales management 2:Sales plan administration
260 _bS. Godage
_aColombo
_c2004
300 _a56p., 22 cm
650 _aBusiness
942 _cBK
999 _c14207
_d14207
003 LK-CoDNM
040 _aLK-CoDNM
_dLK-CoDNM
_eLK-CoDNM